Statistiques concernant Stern Ritter et Schrift (Bleach)

Cliquez ici pour prendre le quiz!

Statistiques générales

  • Ce quiz a été pris 183 fois
  • Le résultat moyen est 20 sur 30

Statistiques - réponses

SchriftStern Ritter% Correct
The "Miracle"Gerard Valkyrie
96%
The "Antithesis"Uryu Ishida
96%
The "Explode"Bambietta Basterbine
94%
The "Fear"As Nodt
93%
The "Balance"Jugram Haschwalth
92%
The "Death Dealing"Askin Nakk Le Vaar
91%
The "Heat"Bazz-B / Bazzard Black
91%
The "Almighty"Yhwach
90%
The "X-Axis"Lille Barro
88%
The "Visionary"Gremmy Thoumeaux
85%
The "Compulsory"Pernida Parnkgjas
83%
The "Jail"Quilge Opie
72%
The "Thunderbolt"Candice Catnipp
71%
The "Yourself"Loyd Lloyd
70%
The "Superstar"Mask de Masculine
69%
The "Yourself"Royd Lloyd
69%
The "Zombie"Giselle Gewelle
67%
The "Glutton"Liltotto Lamperd
63%
The "Love"Pepe Waccabrada
61%
The "Iron"Cang Du
59%
The "K"BG9
47%
The "Power"Meninas McAllon
46%
The "Underbelly"NaNaNa Najahkoop
45%
The "Overkill"Driscoll Berci
40%
The "N"Robert Accutrone
39%
The "Question"Berenice Gabrielli
35%
The "Roar"Jerome Guizbatt
34%
The "Wind"Nianzol Weizol
34%
The "Viability" / The "Sigma"Shaz Domino
30%
The "Vanishing Point"Gwenael Lee
29%

Distribution des résultats

Percentile par nombre de réponses

% des personnes avec chaque résultat

Votre développement - résultats

Vous n’avez pas pris ce quiz